| 000 | 00497nam a22001817a 4500 | ||
|---|---|---|---|
| 003 | BUBTL | ||
| 008 | 160126b xxu||||| |||| 00| 0 eng d | ||
| 020 | _a81-7700-052-7 | ||
| 082 | _a621SAE | ||
| 100 |
_9251 _aSawhney,A.K. |
||
| 245 | _aA Course in Electrical and Electronic Measurements and Instrumentation | ||
| 300 |
_a[xxiii]1318p _bill _c23cm |
||
| 650 | 0 |
_9252 _aEEE |
|
| 700 |
_9253 _aSawhney, A.K. |
||
| 856 |
_k0 _l0 _yDownload |
||
| 942 |
_2ddc _cBK |
||
| 999 |
_c5116 _d5116 |
||